| 000 | 00919nam a2200349 a 4500 | ||
|---|---|---|---|
| 003 | AR-BaBNM | ||
| 005 | 20251128203216.0 | ||
| 008 | 082120s2002 ||||||||||||||000 | spa|| | ||
| 040 | _cAR-BaBNM | ||
| 100 | 1 | _aVilas Boas da Mota, Atico | |
| 245 | 0 | 0 | _aMomentos da história dos romenos |
| 260 |
_aBrasilia _bThesaurus _c1988 |
||
| 300 |
_a366 p. _bmapas, láms., il. |
||
| 504 | _aContiene bibliografía para consultar p. 361-366 | ||
| 650 | 4 | _aDEMOGRAFIA | |
| 650 | 4 | _aSOCIEDAD | |
| 650 | 4 | _aECONOMIA | |
| 650 | 4 | _aCIENCIAS POLITICAS | |
| 650 | 4 | _aHISTORIA EUROPEA | |
| 650 | 4 | _aHISTORIA MEDIEVAL | |
| 650 | 4 | _aHISTORIA MODERNA | |
| 650 | 4 | _aFEUDALISMO | |
| 650 | 4 | _aGUERRA | |
| 650 | 4 | _aGUERRAS MUNDIALES | |
| 650 | 4 | _aSOCIALISMO | |
| 651 | 4 | _aRumania | |
| 651 | 4 | _aEuropa | |
| 700 | 0 |
_aNapoleao _erevisión |
|
| 700 | 1 |
_ade Avila, Rogerio _ecoordinador |
|
| 942 | _cBK | ||
| 998 | _cmariana | ||
| 999 |
_c2397 _d2397 |
||